ბათუმის შოთა რუსთაველის სახელმწიფო უნივერსიტეტის ბიბლიოთეკა

Избранные комедии / (ბიბ.ჩანაწერი № 61098)

000 -LEADER
fixed length control field 00599nam a22001697a 4500
005 - DATE AND TIME OF LATEST TRANSACTION
control field 20231219124747.0
008 - FIXED-LENGTH DATA ELEMENTS--GENERAL INFORMATION
fixed length control field 231219s1966 ru ||||| |||| 00| 0 rus d
041 ## - LANGUAGE CODE
Language code of text/sound track or separate title rus
080 ## - UNIVERSAL DECIMAL CLASSIFICATION NUMBER
Universal Decimal Classification number 821.124.22 П-37
100 ## - MAIN ENTRY--PERSONAL NAME
Personal name Плавт, Тит Макций
9 (RLIN) 20786
245 ## - TITLE STATEMENT
Title Избранные комедии /
Statement of responsibility, etc. Тит Макций Плавт.
264 ## - PRODUCTION, PUBLICATION, DISTRIBUTION, MANUFACTURE, AND COPYRIGHT NOTICE
Place of production, publication, distribution, manufacture М.:
Name of producer, publisher, distributor, manufacturer Художественная литература,
Date of production, publication, distribution, manufacture, or copyright notice 1966.
300 ## - PHYSICAL DESCRIPTION
Extent 664 с.;
Other physical details 21 см.
653 ## - INDEX TERM--UNCONTROLLED
keyword ანტიკური ლიტერატურა
653 ## - INDEX TERM--UNCONTROLLED
keyword კომედიები
942 ## - ADDED ENTRY ELEMENTS (KOHA)
Source of classification or shelving scheme
Koha item type წიგნი
ეგზემპლარები
Withdrawn status Lost status Source of classification or shelving scheme Damaged status Not for loan Permanent Location Current Location Shelving location Date acquired Cost, normal purchase price Full call number Barcode Date last seen Copy number Uniform Resource Identifier Price effective from Koha item type Public note
          ბათუმის შოთა რუსთაველის სახელმწიფო უნივერსიტეტის მთავარი ბიბლიოთეკა ბათუმის შოთა რუსთაველის სახელმწიფო უნივერსიტეტის მთავარი ბიბლიოთეკა წიგნსაცავი 2023-12-19 8.00 821.124.22 П-37 65614 2023-12-19 65614 ბსუ-ს საპატიო დოქტორის გურამ ლორთქიფანიძის საჩუქარი 2023-12-19 წიგნი 8 ლ.